Konkurzy - ich riadenie v podmienkach Slovenskej republiky

Pokračovanie z HN č. 120/01. Dokončenie daňovej problematiky v konkurznom konaní. Inventarizácia majetku, audit, prevzatie KP. Pokračovanie v ďalšom čísle.

Na minha lista:
Detalhes bibliográficos
Autor principal: Šefčík, Miroslav
Formato: Capítulo de Livro
Idioma:eslovaco
Assuntos:
Tags: Adicionar Tag
Sem tags, seja o primeiro a adicionar uma tag!

MARC

LEADER 00000naa a2200000 4500
001 r042107
005 20230801100032.7
041 0 |a slo 
044 |a SK 
245 1 0 |a Konkurzy - ich riadenie v podmienkach Slovenskej republiky  |c Miroslav Šefčík 
520 |a Pokračovanie z HN č. 120/01. Dokončenie daňovej problematiky v konkurznom konaní. Inventarizácia majetku, audit, prevzatie KP. Pokračovanie v ďalšom čísle. 
610 2 0 |a konkurzy 
610 2 0 |a dane cestné 
610 2 0 |a dane z hodnoty pridanej 
610 2 0 |a dane z nehnuteľností 
610 2 0 |a inventarizácia 
610 2 0 |a audit 
610 2 0 |a Slovensko 
100 1 |a Šefčík, Miroslav